| 000 | 01198nam2a22002771 4500 | ||
|---|---|---|---|
| 001 | v19\rc\1572273 | ||
| 005 | 20061002104144.7 | ||
| 035 | _a(NLR Aleph) 004701236 | ||
| 090 |
_a4070515 _c4070515 |
||
| 100 | _a20061002d18921892|||y0rusy50 ca | ||
| 101 | 0 | _arus | |
| 102 | _aRU | ||
| 105 | _ay z ||||| | ||
| 200 | 0 |
_aс 1 июля 1890 года по 1 января 1892 года _f[Сост.] Д-ра И. Тышко |
|
| 210 | _d[1892] | ||
| 311 | _aОтт. из "Журн. акушерства и жен. болезней", № 5, 1892 г. | ||
| 461 | 0 |
_1001v19\rc\1572272 _12001#$aОтчет о деятельности Родовспомогательного отделения Смоленской губернской земской больницы...$vс 1 июля 1890 года по 1 января 1892 года |
|
| 488 | 0 | _12001#$aЖурнал акушерства и женских болезней$v1892, № 5 | |
| 702 | 1 |
_aТышко _bИ. С. _f1865- _gИван Семенович _4220 |
|
| 801 | 0 |
_aRU _bNLR _gpsbo |
|
| 801 | 0 |
_aRU _bRuMoRGB _2psbo |
|
| 801 | 1 |
_aRU _bProSoft-M _2rusmarc |
|
| 852 |
_aNLR _bЗем _j38/О7 |
||
| 899 |
_aRuMoRGB _jA 246/38 |
||
| 942 | _cBOOK | ||
| 980 | _aNB | ||